La Iglesia como sacramento de vida: un estudio teológico-pastoral sobre el modelo de la Iglesia y su misión en la V Conferencia General del Celam, Aparecida-2007

Salvato in:
Dettagli Bibliografici
Autore principale: Lorenz Daiber, Dietrich Heriberto (autor)
Natura: Libro
Lingua:spagnolo
Pubblicazione: Valparaíso Ediciones Universitarias 2017
Edizione:1a. ed
Soggetti:
Tags: Aggiungi Tag
Nessun Tag, puoi essere il primo ad aggiungerne!!

MARC

LEADER 00000cam a2200000 a 4500
001 UCC5278
003 CL-VaPUC
008 180927e20170000cl |||||||||||||||||spa|d
020 |a 9789561707474 
082 0 4 |a 253  |b LOR  |2 21 
100 |a Lorenz Daiber, Dietrich Heriberto  |e autor  |9 566228 
245 1 3 |a La Iglesia como sacramento de vida: un estudio teológico-pastoral sobre el modelo de la Iglesia y su misión en la V Conferencia General del Celam, Aparecida-2007 
250 |a 1a. ed 
300 |a 234 p 
942 |c BK 
945 |d 20180927 22:58:00  |a dcastane 
260 |a Valparaíso  |b Ediciones Universitarias  |c 2017 
650 0 |a Teología pastoral   |9 257832 
650 0 |a Iglesia Católica  |9 256114 
583 |a last modification  |c 20180927 22:58:00  |k Rodrigo Vera 
999 |c 372533  |d 372531 
952 |0 0  |1 0  |3 erb  |4 0  |6 253_000000000000000_LOR_2017  |7 0  |8 X  |9 490212  |a FDOBUD  |b FDOBUD  |i 5500842  |o 253 LOR 2017  |p 5500842  |r 2019-11-24  |w 2019-11-24  |y BK_X  |z Catalogado en:20180927  |k FHP